La vida, después (Registro nro. 15502)
[ vista simple ]
| 000 -CABECERA | |
|---|---|
| campo de control de longitud fija | 01847nam a22002657a 4500 |
| 003 - IDENTIFICADOR DEL NÚMERO DE CONTROL | |
| campo de control | OSt |
| 005 - FECHA Y HORA DE LA ÚLTIMA TRANSACCIÓN | |
| campo de control | 20240516181121.0 |
| 008 - DATOS DE LONGITUD FIJA--INFORMACIÓN GENERAL | |
| campo de control de longitud fija | 240506b ||||| |||| 00| 0 spa d |
| 020 ## - NÚMERO INTERNACIONAL ESTÁNDAR DEL LIBRO | |
| Número Internacional Estándar del Libro | 9786287507869 |
| 040 ## - FUENTE DE LA CATALOGACIÓN | |
| Centro/agencia transcriptor | CO-Mq BPB |
| 041 ## - CÓDIGO DE LENGUA | |
| Código de lengua del texto/banda sonora o título independiente | spa |
| 082 ## - NÚMERO DE LA CLASIFICACIÓN DECIMAL DEWEY | |
| Número de clasificación | AN |
| Número de documento/Ítem | GUR4 |
| 100 ## - ENTRADA PRINCIPAL--NOMBRE DE PERSONA | |
| Nombre de persona | Gurnah, Abdulrazak |
| Fechas asociadas al nombre | 1948 |
| Término indicativo de función/relación | autor |
| 245 ## - MENCIÓN DE TÍTULO | |
| Título | La vida, después |
| 250 ## - MENCIÓN DE EDICIÓN | |
| Mención de edición | Edición especial |
| 264 ## - PRODUCCIÓN, PUBLICACIÓN, DISTRIBUCIÓN, FABRICACIÓN Y COPYRIGHT | |
| Producción, publicación, distribución, fabricación y copyright | Bogotá: |
| Nombre del de productor, editor, distribuidor, fabricante | Penguin Random House Grupo Editoria |
| Fecha de producción, publicación, distribución, fabricación o copyright | 2023 |
| 300 ## - DESCRIPCIÓN FÍSICA | |
| Extensión | 350 páginas |
| Otras características físicas | Tapa rustica |
| Dimensiones | 22 cm |
| 521 ## - NOTA DE PÚBLICO DESTINATARIO | |
| Nota de público destinatario | Una prosa poética, evocadora y fascinante, pero profundamente lúcida. Una historia perfecta sobre un mundo ya extinguido: el continente africano al borde del cambio. Una denuncia radical de la colonización europea, por uno de los escritores más brillantes y relevantes de la literatura africana. Constituye además, esta novela, una meditación conmovedora sobre la naturaleza de la libertad y la pérdida de la inocencia.Recomendado del librero.Cuando los padres de Yusuf, de doce años, le dicen que vivirá con su tío Aziz durante una temporada, el chico se muestra entusiasmado. Pero lo que Yusuf no sabe es que su padre lo ha empeñado para saldar una deuda imposible de pagar, ni tampoco que Aziz no es pariente suyo, sino un rico y acaudalado comerciante con el que viajará por África central y las riberas del Congo en vísperas de la primera guerra mundial. A través de los ojos de ese chiquillo descubriremos una naturaleza exuberante y hostil, poblada de tribus despiadadas e invasores desalmados, en la que una vida humana vale tanto como unas cuantas gotas de agua. |
| 521 ## - NOTA DE PÚBLICO DESTINATARIO | |
| Nota de público destinatario | Incluye datos biográficos del autor |
| 650 ## - PUNTO DE ACCESO ADICIONAL DE MATERIA--TÉRMINO DE MATERIA | |
| Término de materia o nombre geográfico como elemento de entrada | Novela inglesa |
| Subdivisión cronológica | Siglo XXI |
| 650 ## - PUNTO DE ACCESO ADICIONAL DE MATERIA--TÉRMINO DE MATERIA | |
| Término de materia o nombre geográfico como elemento de entrada | Viajes |
| Subdivisión general | Novela |
| 650 ## - PUNTO DE ACCESO ADICIONAL DE MATERIA--TÉRMINO DE MATERIA | |
| Término de materia o nombre geográfico como elemento de entrada | África |
| Subdivisión general | Vida social y costumbres |
| 700 ## - PUNTO DE ACCESO ADICIONAL--NOMBRE DE PERSONA | |
| Nombre de persona | Noguera Mendía, Sofía |
| Término indicativo de función/relación | traductora |
| 942 ## - ELEMENTOS DE PUNTO DE ACCESO ADICIONAL (KOHA) | |
| Fuente del sistema de clasificación o colocación | |
| Tipo de ítem Koha | Libro Literatura |
No hay ítems disponibles.
